000 00310nam a2200133Ia 4500
100 _aChandra/ Majumdar/ D
942 _cBK
654 _adigital
245 _aDigital image Processing and analysis
260 _bPrentice Hall
_aMumbai
_c2000
082 _a621.367
_bCHA
300 _a365
546 _aENGLISH
999 _c22727
_d22727